000 00529nam a2200193Ia 4500
008 090124s9999 xx 000 0 und d
020 _a81-263-1114-2
082 _b43419
100 _aमेहता श्रीनरेश
245 _aPURUSH पुरुष
250 _a1
260 _c2004
300 _a71
600 _aमेहता श्रीनरेश
630 _aPURUSH पुरुष
700 _aमेहता श्रीनरेश
730 _aPURUSH पुरुष
942 _cBOOK
999 _c109649
_d109649